| 000 | 00987nam2a22002291 4500 | ||
|---|---|---|---|
| 001 | rc\304070 | ||
| 005 | 20250621063937.0 | ||
| 035 | _a(NLR Aleph) 005630277 | ||
| 090 |
_a6569269 _c6569269 |
||
| 100 | _a20030307d1990 |||y0rusy50 ca | ||
| 101 | 0 | _arus | |
| 102 | _aRU | ||
| 105 | _ay ||||||||| | ||
| 200 | 0 | _aВып. 2 | |
| 210 |
_d1990 _aБ. м. |
||
| 215 | _a[2], 128 с. | ||
| 461 | 0 |
_1001rc\304069 _12001#$aКУЛЬТУРА и процессы демократизации$e[Сб. науч. ст. аспирантов]$fАкад. обществ. наук при ЦК КПСС. Каф. соц. культуры$vВып. 2 _96569265 _cМ. _d1990 _fАкад. обществ. наук при ЦК КПСС. Каф. соц. культуры _nАОН _o[Сб. науч. ст. аспирантов] _tКУЛЬТУРА и процессы демократизации _vВып. 2 |
|
| 801 | 0 |
_aRU _bNLR _gpsbo |
|
| 801 | 1 |
_aRU _bELAR _2rusmarc |
|
| 852 |
_aNLR _j90-3/6590 |
||
| 942 | _cBOOK | ||
| 980 | _aNB | ||